Phoebe Bridgers Charting Songs (Billboard Hot Rock) - Statistics

General Stats
  • This quiz has been taken 238 times
    180 since last reset
  • The average score is 4 of 7
Answer Stats
Album Weeks On Peak Artist(s) Song % Correct
Punisher 4 Weeks #32 Phoebe Bridgers Kyoto
85%
13 Reasons Why: Season 2 (A Netflix Original Series Soundtrack) 6 Weeks #25 Lord Huron ft. Phoebe Bridgers The Night We Met
78%
Non-Album Single 1 Week #45 MUNA ft. Phoebe Bridgers Silk Chiffon
69%
Punisher 1 Week #42 Phoebe Bridgers Garden Song
54%
Conversations with Friends 1 Week #35 Phoebe Bridgers Sidelines
54%
Non-Album Single 1 Week #5 Phoebe Bridgers & Maggie Rogers Iris
41%
Non-Album Single 1 Week #21 Phoebe Bridgers That Funny Feeling
10%
No matching quizzes found
Score Distribution
Percent of People with Each Score
Percentile by Number Answered
Your Score History
You have not taken this quiz since the last reset